| 000 | 01000nac a22002051u 4500 | ||
|---|---|---|---|
| 008 | 121128s2000 ly ||||| |||| 00| 0 ara d | ||
| 020 | _a9981262501 : | ||
| 082 |
_a302.20917671 _bش ل ب _222 |
||
| 100 |
_aشلبية، محمود ابراهيم _931507 |
||
| 245 |
_aالسياسات الاتصالية والاعلامية فى العالم الاسلامى / _cمحمود ابراهيم شلبية. |
||
| 260 |
_aطرابلس : _bجمعية الدعوة الاسلامية العالمية، _c2000. |
||
| 300 |
_a129 ص. ؛ _c20 سم. |
||
| 500 | _aعلى صفحة العنوان-- منشورات المنظمة الاسلامية للتربية والعلوم والثقافة- ايسيسكو- 1421هـ/ 2000م. | ||
| 504 | _aيشتمل على ارجاعات ببليوجرافية. | ||
| 650 |
_aالاعلام الاسلامى _931508 |
||
| 650 |
_aوسائل الاعلام _931509 |
||
| 650 |
_aالصحف الدينية _931510 |
||
| 653 | _bAra | ||
| 942 |
_cBB _k302.20917671 ش ل ب _2ddc |
||
| 999 |
_c6645 _d6645 |
||